000 00388nam a2200133 i 4500
001 bg
100 1 _aPOŁASZEWSKI, Tadeusz
245 0 _aZastosowanie rachunku kosztów w ekonomice projektowania architektonicznego i urbanistycznego /
_cTadeusz Połaszewski.
260 _aWarszawa,
_c1985.
040 _cBPK
041 _apol
942 _cKS
008 s pl f |000 0 pol
999 _c28110
_d28110
856 _uhttp://koha.tu.koszalin.pl/cgi-bin/koha/opac-detail.pl?biblionumber=28110
_yKatalog online BPK